|
|
|
|
| LEADER |
00971pam a22002538a 4500 |
| 001 |
00043832 |
| 005 |
20190318160352.0 |
| 008 |
170514s1998 ||||||Viesd |
| 020 |
# |
# |
|c 22000
|
| 041 |
0 |
# |
|a Vie
|
| 082 |
1 |
# |
|a 541
|b C460S
|
| 100 |
0 |
# |
|a Nguyễn, Hạnh
|
| 245 |
0 |
0 |
|a Cơ sở lí thuyết hóa học
|b Dùng cho các trường đại học kĩ thuật
|c Nguyễn Hạnh
|n Phần II
|p Nhiệt động hóa học, động hóa học, điện hóa học
|
| 250 |
# |
# |
|a Tái bản lần thứ mười sáu
|
| 260 |
# |
# |
|a Hà Nội
|b Giáo dục
|c 2009
|
| 300 |
# |
# |
|a 264 tr.
|c 21 cm
|
| 653 |
# |
# |
|a Cơ sở
|
| 653 |
# |
# |
|a Hóa học
|
| 653 |
# |
# |
|a Lý thuyết
|
| 653 |
# |
# |
|a Nhiệt học
|
| 653 |
# |
# |
|a Điện hóa học
|
| 852 |
# |
# |
|j KM.0028120
|j KM.0028121
|j KM.0028122
|j KM.0028123
|
| 910 |
# |
# |
|e ltkchi
|f 18/03/2019
|d 18/3/2019
|
| 980 |
# |
# |
|a Trung tâm Học liệu Lê Vũ Hùng, Trường Đại học Đồng Tháp
|